Roma del alma

Gorde:
Xehetasun bibliografikoak
Egile nagusia: Subercaseaux, Amalia E (Egilea)
Formatua: Liburua
Hizkuntza:gaztelania
Argitaratua: Roma Unione Editrice 1910
Gaiak:
Etiketak: Etiketa erantsi
Etiketarik gabe, Izan zaitez lehena erregistro honi etiketa jartzen!

MARC

LEADER 00000nam a2200000 a 4500
001 UCI4873
003 CL-VaPUC
008 080307e19100000IT |||||||||||||||||spa|d
082 0 4 |a 853  |b SUB  |2 21 
100 0 |a Subercaseaux, Amalia E  |e author  |9 526941 
245 1 0 |a Roma del alma 
300 |a v 
942 |c BK 
945 |d 20080307 00:00:00  |a rbrito 
260 |a Roma  |b Unione Editrice  |c 1910 
500 |a Donación padres capuchinos 
650 0 |a Novela italiana  |9 265740 
583 |a last modification  |c 20080307 00:00:00  |k Rodrigo Vera 
999 |c 328720  |d 328718 
952 |0 0  |1 0  |4 0  |6 853_000000000000000_SUB_1910  |7 0  |8 X  |9 412792  |a FDOBUD  |b FDOBUD  |d 2019-11-22  |h v.1  |i 4407687  |o 853 SUB 1910  |p 4407687  |r 2019-11-22  |w 2019-11-22  |y BK_X  |k BUD